00409nam a2200133 a 45000010005000000030005000050050017000100080041000270400026000681100044000942450082001382600025002205000030002452668CDMR20130522130127.0130130s1995||||||||||||||||||||||||||||d aCDMRbcatcCPC LLEIDA2 aInternational Federation of Journalists14aLos periodistas en todos los frentescInternational Federation of Journalists aIFJc1995bSantander a22ยบ Congreso Mundial IFJ